<?xml version="1.0" encoding="UTF-8"?><marc:collection xmlns:marc="http://www.loc.gov/MARC21/slim">
  <marc:record>
    <marc:leader>00000nam##2200000za#4500</marc:leader>
    <marc:controlfield tag="001">9.639298</marc:controlfield>
    <marc:controlfield tag="003">CaOODSP</marc:controlfield>
    <marc:controlfield tag="005">20210624222108</marc:controlfield>
    <marc:controlfield tag="007">cr |||||||||||</marc:controlfield>
    <marc:controlfield tag="008">150407|2000||||xxc|||||o    f|0| 0 fre|d</marc:controlfield>
    <marc:datafield tag="040" ind1=" " ind2=" ">
      <marc:subfield code="a">CaOODSP</marc:subfield>
      <marc:subfield code="b">fre</marc:subfield>
    </marc:datafield>
    <marc:datafield tag="043" ind1=" " ind2=" ">
      <marc:subfield code="a">n-cn---</marc:subfield>
    </marc:datafield>
    <marc:datafield tag="086" ind1="1" ind2=" ">
      <marc:subfield code="a">C2-443/2000F-PDF</marc:subfield>
    </marc:datafield>
    <marc:datafield tag="110" ind1="1" ind2=" ">
      <marc:subfield code="a">Canada.</marc:subfield>
      <marc:subfield code="b">Industrie Canada. </marc:subfield>
      <marc:subfield code="b">Initiative fédérale de développement économique dans le nord de l'Ontario.</marc:subfield>
    </marc:datafield>
    <marc:datafield tag="245" ind1="1" ind2="0">
      <marc:subfield code="a">Ouvrons les portes d'un avenir meilleur </marc:subfield>
      <marc:subfield code="h">[ressource électronique]</marc:subfield>
    </marc:datafield>
    <marc:datafield tag="260" ind1=" " ind2=" ">
      <marc:subfield code="a">Sudbury - Ontario : </marc:subfield>
      <marc:subfield code="b">Industrie Canada. </marc:subfield>
      <marc:subfield code="c">Automne 2000.</marc:subfield>
    </marc:datafield>
    <marc:datafield tag="300" ind1=" " ind2=" ">
      <marc:subfield code="a">14p.</marc:subfield>
      <marc:subfield code="b">photographies</marc:subfield>
    </marc:datafield>
    <marc:datafield tag="500" ind1=" " ind2=" ">
      <marc:subfield code="a">«Lancée en 1987, l'Initiative fédérale de développement économique dans le Nord de l'Ontario a connu une croissance continue pour ce qui est de l'élaboration de nouveaux programmes, de l'entrée en scène de nouveaux partenaires et d'un financement accru pour les communautés de tout le Nord.»--Page 5.</marc:subfield>
    </marc:datafield>
    <marc:datafield tag="520" ind1="3" ind2=" ">
      <marc:subfield code="a">Lancée en 1987, l'Initiative fédérale de développement économique dans le Nord de l'Ontario a connu une croissance continue pour ce qui est de l'élaboration de nouveaux programmes, de l'entrée en scène de nouveaux partenaires et d'un financement accru pour les communautés de tout le Nord.--Page 5</marc:subfield>
    </marc:datafield>
    <marc:datafield tag="590" ind1=" " ind2=" ">
      <marc:subfield code="a">11-28-Supp</marc:subfield>
      <marc:subfield code="b">2011-11-17</marc:subfield>
    </marc:datafield>
    <marc:datafield tag="691" ind1="0" ind2="7">
      <marc:subfield code="a">Développement économique</marc:subfield>
      <marc:subfield code="2">gcpds</marc:subfield>
    </marc:datafield>
    <marc:datafield tag="691" ind1="0" ind2="7">
      <marc:subfield code="a">Développement du Nord</marc:subfield>
      <marc:subfield code="2">gcpds</marc:subfield>
    </marc:datafield>
    <marc:datafield tag="691" ind1="0" ind2="7">
      <marc:subfield code="a">Financement</marc:subfield>
      <marc:subfield code="2">gcpds</marc:subfield>
    </marc:datafield>
    <marc:datafield tag="775" ind1="0" ind2="8">
      <marc:subfield code="t">Opening doors - building futures </marc:subfield>
      <marc:subfield code="w">(CaOODSP)9.695154</marc:subfield>
    </marc:datafield>
    <marc:datafield tag="776" ind1="0" ind2="#">
      <marc:subfield code="t">Opening doors, building futures </marc:subfield>
      <marc:subfield code="w">(CaOODSP)9.662435</marc:subfield>
    </marc:datafield>
    <marc:datafield tag="776" ind1="0" ind2="#">
      <marc:subfield code="t">Ouvrons les portes d'un avenir meilleur </marc:subfield>
      <marc:subfield code="w">(CaOODSP)9.662436</marc:subfield>
    </marc:datafield>
    <marc:datafield tag="856" ind1="4" ind2="0">
      <marc:subfield code="a">http://publications.gc.ca</marc:subfield>
      <marc:subfield code="q">PDF</marc:subfield>
      <marc:subfield code="s">1.40 Mo</marc:subfield>
      <marc:subfield code="u">https://publications.gc.ca/collections/Collection/C2-443-2000F.pdf</marc:subfield>
    </marc:datafield>
  </marc:record>
</marc:collection>
